[Event "ROU-ch Women 2021"]
[Site "Iasi"]
[Date "2021.04.25"]
[Round "9.4"]
[White "Andries, Alexia"]
[Black "Obada, Ema"]
[Result "0-1"]
[WhiteElo "1553"]
[BlackElo "1940"]
[Annotator "ChessBase"]
[PlyCount "98"]
[EventDate "2021.04.19"]
[EventType "swiss"]
[EventCountry "ROU"]
[SourceTitle "playchess.com"]
[Source "ChessBase"]
[SourceQuality "1"]
[TimeControl "5400+30"]

1. d4 {[%emt 0:00:00]} e6 {[%emt 0:00:00]} 2. c4 {[%emt 0:00:00]} Nf6 {[%emt 0:00:00]} 3. Nc3 {[%emt 0:00:24]} Bb4 {[%emt 0:00:00]} 4. e3 {[%emt 0:00:30]} O-O {[%emt 0:00:04]} 5. Bd3 {[%emt 0:00:40]} d6 {[%emt 0:00:20]} 6. Nf3 {[%emt 0:01:52]} Qe7 {[%emt 0:00:34]} 7. e4 {[%emt 0:02:09]} e5 {[%emt 0:00:35]} 8. d5 {[%emt 0:01:16]} Bxc3+ {[%emt 0:00:53]} 9. bxc3 {[%emt 0:00:10]} h6 {[%emt 0:00:27]} 10. h3 {[%emt 0:00:17]} b6 {[%emt 0:01:23]} 11. O-O {[%emt 0:01:37]} Na6 {[%emt 0:08:27]} 12. Be3 {[%emt 0:04:17]} Nc5 {[%emt 0:01:26]} 13. Bxc5 {[%emt 0:00:26]} bxc5 {[%emt 0:02:56]} 14. Rb1 {[%emt 0:01:04]} Nh5 {[%emt 0:01:20]} 15. Qd2 {[%emt 0:06:38]} Nf4 {[%emt 0:01:19]} 16. Rb3 {[%emt 0:02:31]} Qf6 {[%emt 0:00:47]} 17. Kh2 {[%emt 0:03:05]} Nxh3 {[%emt 0:02:23]} 18. gxh3 {[%emt 0:00:40]} Qxf3 {[%emt 0:00:10]} 19. Qe3 {[%emt 0:00:49]} Qh5 {[%emt 0:01:33]} 20. Rg1 {[%emt 0:03:13]} f5 {[%emt 0:01:22]} 21. exf5 {[%emt 0:00:29]} Bxf5 {[%emt 0:00:14]} 22. Bxf5 {[%emt 0:00:11]} Rxf5 {[%emt 0:00:23]} 23. Qg3 {[%emt 0:01:05]} Qf7 {[%emt 0:02:00]} 24. Rb2 {[%emt 0:00:50]} Rf8 {[%emt 0:03:59]} 25. Rg2 {[%emt 0:02:33]} Qf6 {[%emt 0:02:28]} 26. Re2 {[%emt 0:04:18]} Rf3 {[%emt 0:02:00]} 27. Qg4 {[%emt 0:00:19]} Rxc3 {[%emt 0:01:16]} 28. Re3 {[%emt 0:00:44]} Rxe3 {[%emt 0:02:42]} 29. fxe3 {[%emt 0:00:05]} Qe7 {[%emt 0:03:44]} 30. h4 {[%emt 0:01:09]} Rf6 {[%emt 0:05:25]} 31. Rb2 {[%emt 0:02:01]} e4 {[%emt 0:00:53]} 32. Rb7 {[%emt 0:00:35]} Qe5+ {[%emt 0:00:48]} 33. Kg2 {[%emt 0:00:57]} h5 {[%emt 0:02:41]} 34. Qg3 {[%emt 0:00:48]} Qf5 {[%emt 0:00:27]} 35. Rxc7 {[%emt 0:00:37]} Qf1+ {[%emt 0:00:12]} 36. Kh2 {[%emt 0:00:12]} Rf2+ {[%emt 0:00:05]} 37. Qxf2 {[%emt 0:00:08]} Qxf2+ {[%emt 0:00:03]} 38. Kh3 {[%emt 0:00:07]} Qxe3+ {[%emt 0:00:06]} 39. Kg2 {[%emt 0:00:15]} Qf3+ {[%emt 0:00:06]} 40. Kg1 {[%emt 0:00:07]} e3 {[%emt 0:00:06]} 41. Re7 {[%emt 0:00:07]} Qf2+ {[%emt 0:00:08]} 42. Kh1 {[%emt 0:00:10]} Qxh4+ {[%emt 0:00:09]} 43. Kg1 {[%emt 0:00:05]} Qxe7 {[%emt 0:00:04]} 44. Kf1 {[%emt 0:00:05]} e2+ {[%emt 0:00:08]} 45. Ke1 {[%emt 0:00:04]} h4 {[%emt 0:00:20]} 46. a4 {[%emt 0:00:25]} a5 {[%emt 0:00:04]} 47. Kf2 {[%emt 0:01:14]} e1=Q+ {[%emt 0:00:06]} 48. Kg2 {[%emt 0:00:51]} Q7e4+ {[%emt 0:00:06]} 49. Kh2 {[%emt 0:00:10]} Qg3# {[%emt 0:00:05]} 0-1

[Event "ROU-ch Women 2021"]
[Site "Iasi"]
[Date "2021.04.25"]
[Round "9.5"]
[White "Marcu, Daria-Ana"]
[Black "Lehaci, Miruna-Daria"]
[Result "0-1"]
[WhiteElo "1533"]
[BlackElo "2188"]
[Annotator "ChessBase"]
[PlyCount "74"]
[EventDate "2021.04.19"]
[EventType "swiss"]
[EventCountry "ROU"]
[SourceTitle "playchess.com"]
[Source "ChessBase"]
[SourceQuality "1"]
[TimeControl "5400+30"]

1. e4 {[%emt 0:00:00]} e6 {[%emt 0:00:00]} 2. d4 {[%emt 0:00:00]} d5 {[%emt 0:00:00]} 3. Nc3 {[%emt 0:00:00]} Bb4 {[%emt 0:00:00]} 4. e5 {[%emt 0:00:00]} c5 {[%emt 0:00:00]} 5. Bd2 {[%emt 0:00:00]} Ne7 {[%emt 0:00:00]} 6. a3 {[%emt 0:00:06]} Bxc3 {[%emt 0:00:00]} 7. Bxc3 {[%emt 0:00:07]} b6 {[%emt 0:00:00]} 8. Nf3 {[%emt 0:00:11]} Qc7 {[%emt 0:00:49]} 9. Bd3 {[%emt 0:01:01]} Ba6 {[%emt 0:03:42]} 10. O-O {[%emt 0:01:03]} Bxd3 {[%emt 0:01:01]} 11. Qxd3 {[%emt 0:00:10]} a6 {[%emt 0:03:53]} 12. b4 {[%emt 0:05:49]} Nd7 {[%emt 0:06:36]} 13. Rac1 {[%emt 0:05:37]} c4 {[%emt 0:04:13]} 14. Qd2 {[%emt 0:00:16]} O-O-O {[%emt 0:04:09]} 15. Nh4 {[%emt 0:04:06]} Ng6 {[%emt 0:07:33]} 16. Nf3 {[%emt 0:00:55]} Kb7 {[%emt 0:04:42]} 17. Qe3 {[%emt 0:01:20]} h6 {[%emt 0:01:16]} 18. a4 {[%emt 0:05:43]} Ne7 {[%emt 0:01:03]} 19. Rfe1 {[%emt 0:04:57]} g5 {[%emt 0:03:01]} 20. h3 {[%emt 0:00:57]} Rdg8 {[%emt 0:01:09]} 21. Nh2 {[%emt 0:01:44]} h5 {[%emt 0:01:54]} 22. Nf1 {[%emt 0:02:15]} Nf5 {[%emt 0:02:34]} 23. Qe2 {[%emt 0:01:08]} g4 {[%emt 0:00:15]} 24. h4 {[%emt 0:02:15]} Nxh4 {[%emt 0:00:29]} 25. Ng3 {[%emt 0:00:25]} Ng6 {[%emt 0:01:46]} 26. Qe3 {[%emt 0:02:41]} Qd8 {[%emt 0:03:36]} 27. Ne2 {[%emt 0:02:07]} Ne7 {[%emt 0:01:10]} 28. Qf4 {[%emt 0:00:47]} Rh7 {[%emt 0:00:55]} 29. Bd2 {[%emt 0:01:15]} h4 {[%emt 0:03:30]} 30. Rf1 {[%emt 0:08:14]} Nf5 {[%emt 0:02:16]} 31. Nc3 {[%emt 0:00:29]} Nf8 {[%emt 0:00:38]} 32. Ne2 {[%emt 0:01:29]} Rhg7 {[%emt 0:05:10]} 33. g3 {[%emt 0:03:14]} Ng6 {[%emt 0:01:28]} 34. Qg5 {[%emt 0:00:58]} Qe8 {[%emt 0:00:37]} 35. Qf6 {[%emt 0:01:46]} Nge7 {[%emt 0:00:59]} 36. Nf4 {[%emt 0:01:30]} Rh8 {[%emt 0:06:28]} 37. Nxe6 {[%emt 0:03:20]} fxe6 {[%emt 0:00:11]} 0-1

[Event "ROU-ch Women 2021"]
[Site "Iasi"]
[Date "2021.04.25"]
[Round "9.6"]
[White "Pirvan, Maria"]
[Black "Cosman, Andreea-Marioara"]
[Result "0-1"]
[WhiteElo "1529"]
[BlackElo "2164"]
[Annotator "ChessBase"]
[PlyCount "74"]
[EventDate "2021.04.19"]
[EventType "swiss"]
[EventCountry "ROU"]
[SourceTitle "playchess.com"]
[Source "ChessBase"]
[SourceQuality "1"]
[TimeControl "5400+30"]

1. e4 {[%emt 0:00:00]} c5 {[%emt 0:00:00]} 2. Nf3 {[%emt 0:00:00]} d6 {[%emt 0:00:00]} 3. d4 {[%emt 0:00:00]} cxd4 {[%emt 0:00:00]} 4. Nxd4 {[%emt 0:00:00]} Nf6 {[%emt 0:00:00]} 5. Nc3 {[%emt 0:00:00]} a6 {[%emt 0:00:00]} 6. Bg5 {[%emt 0:00:00]} e6 {[%emt 0:00:03]} 7. f4 {[%emt 0:00:00]} Nc6 {[%emt 0:00:05]} 8. Qd2 {[%emt 0:03:48]} h6 {[%emt 0:00:09]} 9. Bxf6 {[%emt 0:08:52]} Qxf6 {[%emt 0:00:15]} 10. Nxc6 {[%emt 0:02:14]} bxc6 {[%emt 0:00:07]} 11. O-O-O {[%emt 0:02:56]} Qd8 {[%emt 0:00:12]} 12. Bd3 {[%emt 0:17:05]} Rb8 {[%emt 0:11:16]} 13. Rhf1 {[%emt 0:07:51]} Be7 {[%emt 0:09:57]} 14. g3 {[%emt 0:06:31]} O-O {[%emt 0:04:04]} 15. h4 {[%emt 0:02:17]} Qa5 {[%emt 0:00:17]} 16. Rde1 {[%emt 0:14:17]} d5 {[%emt 0:09:53]} 17. exd5 {[%emt 0:04:59]} cxd5 {[%emt 0:05:30]} 18. a3 {[%emt 0:10:24]} Rxb2 {[%emt 0:11:45]} 19. Nxd5 {[%emt 0:07:46]} Bb4 {[%emt 0:02:56]} 20. Nxb4 {[%emt 0:02:07]} Qxa3 {[%emt 0:00:05]} 21. Kd1 {[%emt 0:01:33]} Rxb4 {[%emt 0:01:22]} 22. Re3 {[%emt 0:02:58]} Qa4 {[%emt 0:02:07]} 23. Ke2 {[%emt 0:00:38]} Rd4 {[%emt 0:01:23]} 24. Qc3 {[%emt 0:00:46]} Rfd8 {[%emt 0:01:42]} 25. Ra1 {[%emt 0:01:44]} Qd7 {[%emt 0:00:05]} 26. Re4 {[%emt 0:00:46]} Rxe4+ {[%emt 0:01:06]} 27. Bxe4 {[%emt 0:00:04]} Bb7 {[%emt 0:00:13]} 28. Bxb7 {[%emt 0:02:02]} Qxb7 {[%emt 0:00:05]} 29. Kf2 {[%emt 0:01:08]} Rc8 {[%emt 0:02:47]} 30. Qb3 {[%emt 0:01:24]} Qe4 {[%emt 0:01:10]} 31. Rc1 {[%emt 0:00:42]} a5 {[%emt 0:04:04]} 32. c3 {[%emt 0:00:36]} a4 {[%emt 0:01:23]} 33. Qa3 {[%emt 0:00:29]} Rd8 {[%emt 0:02:39]} 34. Qa2 {[%emt 0:00:32]} Rd3 {[%emt 0:01:40]} 35. Qe2 {[%emt 0:00:29]} Qxe2+ {[%emt 0:00:06]} 36. Kxe2 {[%emt 0:00:06]} Rxg3 {[%emt 0:00:03]} 37. c4 {[%emt 0:00:16]} Kf8 {[%emt 0:00:24]} 0-1